000
00248nam a22000977a 4500
008
221007b |||||||| |||| 00| 0 eng d
020
_a
9788189928049
100
_a
Sharma R.D
245
_a
Mathematics-8
260
_a
New Delhi
_b
Dhanpat Publication
_c
2022
999
_c
12065
_d
12065